| 000 | 00570cam a22002058i 4500 | ||
|---|---|---|---|
| 001 | 24174679 | ||
| 005 | 20260226092718.0 | ||
| 008 | 250429s2026 nyu b 001 0 eng | ||
| 020 | _a9781032900179 | ||
| 040 | _cPK-LaUMT | ||
| 082 | 0 | 0 |
_a658.421 _bKSH-G |
| 100 | 1 |
_aKshetri, Nir _98196 |
|
| 245 | 1 | 0 |
_aGlobal entrepreneurship : _benvironment and strategy / _cby Nir Kshetri |
| 250 | _a3rd ed. | ||
| 260 |
_aLondon : _bRoutledge, _c2026 |
||
| 300 | _a328 p. | ||
| 650 | 0 | _aEntrepreneurship | |
| 650 | 0 |
_aEntrepreneurship _zDeveloping countries _98197 |
|
| 942 | _cBK | ||
| 999 |
_c139280 _d139280 |
||